Đèn điện tử và đèn bán dẫn T.2
Gardado en:
| Autor Principal: | |
|---|---|
| Outros autores: | , |
| Formato: | Libro |
| Publicado: |
TP. HCM
Đại học và trung học chuyên nghiệp
1978
|
| Những chủ đề: | |
| Các nhãn: |
Engadir etiqueta
Sen Etiquetas, Sexa o primeiro en etiquetar este rexistro!
|
| Thư viện lưu trữ: | Trung tâm Học liệu Lê Vũ Hùng, Trường Đại học Đồng Tháp |
|---|
| LEADER | 00970pam a22002778a 4500 | ||
|---|---|---|---|
| 001 | 00017358 | ||
| 005 | 20171026081023.0 | ||
| 008 | 110419s1978 ||||||Viesd | ||
| 020 | |c 150 | ||
| 041 | 0 | # | |a Vie |
| 082 | 1 | 4 | |a 621.31 |b Đ203Đ |
| 100 | 0 | # | |a Trần Đức Hân |
| 245 | 0 | 0 | |a Đèn điện tử và đèn bán dẫn |c Trần đức Hân, Ngô Đức Dũng, Lê Phi Yến |n T.2 |
| 260 | # | # | |a TP. HCM |b Đại học và trung học chuyên nghiệp |c 1978 |
| 300 | # | # | |a 158 tr. |b Trắng đen |c 27 cm. |
| 650 | # | 4 | |a Giáo trình |
| 650 | # | 4 | |a Vật lý điện tử |
| 653 | # | # | |a Vô tuyến điện |
| 653 | # | # | |a Đèn bán dẫn |
| 653 | # | # | |a Đèn điện tử |
| 700 | 0 | # | |a Lê Phi Yến |
| 700 | 0 | # | |a Ngô Đức Dũng |
| 852 | # | # | |b Kho đọc |j KD.0002851 |
| 852 | # | # | |j KD.0002851 |
| 910 | |d 19/04/2011 | ||
| 980 | # | # | |a Trung tâm Học liệu Lê Vũ Hùng, Trường Đại học Đồng Tháp |